| 000 | 00776nam a2200205Ia 4500 | ||
|---|---|---|---|
| 008 | 170220s9999||||xx |||||||||||||| ||und|| | ||
| 020 | _a978-81-322-2401-3 | ||
| 040 | _aNISER LIBRARY | ||
| 041 | _aEnglish/International | ||
| 100 | _aAnil Kumar Puniya, Rameshwar Singh, Devki Nandan Kamra | ||
| 245 | _aRumen Microbiology: From Evolution to Revolution | ||
| 260 |
_c2015 _bSpringer India |
||
| 300 | _bContributed volume | ||
| 650 | _aBiomedical and Life Sciences | ||
| 650 | _aMicrobial Ecology; Bacteriology; Biodiversity; Eukaryotic Microbiology; Microbial Genetics and Genomics | ||
| 710 | _aSpringer India | ||
| 856 | _uhttp://dx.doi.org/10.1007/978-81-322-2401-3 | ||
| 856 | _uhttp://link.springer.com/openurl?genre=book&isbn=978-81-322-2400-6 | ||
| 942 | _cEB | ||
| 999 |
_c28447 _d28447 |
||